Statistiques concernant Les Piliers ( Demon Slayer , Hashira )

Cliquez ici pour prendre le quiz!

Statistiques générales

  • Ce quiz a été pris 95 fois
    (92 depuis la dernière actualisation)
  • Le résultat moyen est 11 sur 13

Statistiques - réponses

Réponse% Correct
Kyojiro Rengoku / Feu
99%
Shinjuro Rengoku / Feu
99%
Uzui Tengen / Son
97%
Giyu Tomioka / Eau
92%
Shinobu Kocho / Insecte
92%
Obanai Iguro / Serpent
89%
Sanemi Shinazugawa / Vent
86%
Mitsuri Kanroji / Amour
84%
Gyomei Himejima / Roche
83%
Muchiro Tokito / Brume
80%
Kanae Kocho / Fleur
75%
Sakonji Urokodaki / Eau
68%
Jigoro Kuwajima / Foudre
49%

Distribution des résultats

Percentile par nombre de réponses

% des personnes avec chaque résultat

Votre développement - résultats

Vous n’avez pas pris ce quiz depuis la dernière actualisation